000 00527nam a2200193 a 4500
001 670
003 CO-ViMGA
008 141112s2004 ck r 000 u spa d
040 _aCO-ViMGA
_bspa
_cCO-ViMGA
082 0 4 _a808.3 B124p
100 1 _aBachelard, Gastón
245 1 0 _aLa poética de la ensoñación
260 _aMexico :
_bFondo de Cultura Económica,
_c1993
300 _a321 p
490 _aBreviarios, 330
590 _aEjemplares : 2
650 1 4 _aLITERATURA - CRITICA E INTERRETACION
_948506
942 _2ddc
_cBK
999 _c12909
_d12909